000 003110000a22001330004500
003 MACL
040 _aMACL
090 _c2501
_d2501
100 _aSatyanarayana N R
245 _aA Manual Of Computerization In Libraries
260 _bWishwa Prakashan
_c1995
650 _aInformation Science
942 _cBOOK
_k020
999 _c2482
_d2482